[Event "Rwanda tt"]
[Site "Kigali"]
[Date "2015.08.22"]
[Round "3"]
[White "Ganza, Kevin"]
[Black "Martin, Gichia"]
[Result "1/2-1/2"]
[WhiteElo "1709"]
[BlackElo "1457"]
[PlyCount "111"]
[EventDate "2015.08.20"]
[EventType "team-match"]
[EventRounds "9"]
[EventCountry "RWA"]
[SourceTitle "EXT 2016"]
[Source "ChessBase"]
[SourceDate "2015.10.08"]
[SourceVersion "1"]
[SourceVersionDate "2015.10.08"]
[SourceQuality "1"]
[WhiteTeam "Team Rated"]
[BlackTeam "Team Unrated"]
[WhiteTeamCountry "RWA"]
[BlackTeamCountry "RWA"]

1. e4 e5 2. Nf3 Nc6 3. Bc4 h6 4. Nc3 Nf6 5. d3 Bc5 6. h3 Bb4 7. a3 Be7 8. Be3 a6 9. 0-0 d6 10. Nh2 Nh7 11. f4 exf4 12. Rxf4 0-0 13. Rf3 Ne5 14. Rg3 Bg5 15. Ba2 Bh4 16. Qe1 Be6 17. Bxh6 Bxg3 18. Qxg3 Qf6 19. Be3 Bxa2 20. Nxa2 Qe6 21. Nc3 c6 22. Rf1 f5 23. d4 Nc4 24. Bc1 Rf7 25. b3 Nb6 26. Re1 Raf8 27. Bf4 Rf6 28. e5 Rg6 29. Qh4 d5 30. Re3 Nc8 31. Rg3 b5 32. Nf3 Ne7 33. Ng5 Nxg5 34. Rxg5 Rxg5 35. Bxg5 Ng6 36. Qh5 f4 37. Bf6 Rxf6 38. exf6 Qxf6 39. Ne2 Nh4 40. Qe8+ Kh7 41. Qh5+ Qh6 42. Qxh6+ Kxh6 43. Nxf4 Nf5 44. Ne6 Kg6 45. Nd8 Ne7 46. g4 Kg5 47. Ne6+ Kf6 48. Nd8 Kg6 49. Kf2 Kg5 50. Ne6+ Kg6 51. Kf3 Kf6 52. Nd8 g5 53. Kg3 Kg6 54. h4 gxh4+ 55. Kxh4 a5 56. Nb7 1/2-1/2

[Event "Rwanda tt"]
[Site "Kigali"]
[Date "2015.08.22"]
[Round "7"]
[White "Singe, Phillip Mbawala"]
[Black "Martin, Gichia"]
[Result "1-0"]
[WhiteElo "1940"]
[BlackElo "1457"]
[PlyCount "52"]
[EventDate "2015.08.20"]
[EventType "team-match"]
[EventRounds "9"]
[EventCountry "RWA"]
[SourceTitle "EXT 2016"]
[Source "ChessBase"]
[SourceDate "2015.10.08"]
[SourceVersion "1"]
[SourceVersionDate "2015.10.08"]
[SourceQuality "1"]
[WhiteTeam "Team Rated"]
[BlackTeam "Team Unrated"]
[WhiteTeamCountry "RWA"]
[BlackTeamCountry "RWA"]

1. e4 e5 2. Nf3 Nc6 3. d4 exd4 4. Bc4 h6 5. 0-0 Bc5 6. c3 dxc3 7. Bxf7+ Kxf7 8. Qd5+ Kf8 9. Qxc5+ Nge7 10. Nxc3 d6 11. Qe3 Be6 12. b3 a6 13. Bb2 Nb4 14. Ne2 Rg8 15. Nfd4 Qd7 16. f4 Nec6 17. f5 Bf7 18. a3 Nxd4 19. Nxd4 Nc6 20. Ne6+ Ke7 21. Nxg7 Ne5 22. Qxh6 Rh8 23. Qg5+ Kf8 24. Bxe5 dxe5 25. Rad1 Qe7 26. Ne6+ Bxe6 1-0

[Event "Rwanda tt"]
[Site "Kigali"]
[Date "2015.08.21"]
[Round "5"]
[White "Ricky, Sang"]
[Black "Martin, Gichia"]
[Result "1-0"]
[WhiteElo "1836"]
[BlackElo "1457"]
[PlyCount "67"]
[EventDate "2015.08.20"]
[EventType "team-match"]
[EventRounds "9"]
[EventCountry "RWA"]
[SourceTitle "EXT 2016"]
[Source "ChessBase"]
[SourceDate "2015.10.08"]
[SourceVersion "1"]
[SourceVersionDate "2015.10.08"]
[SourceQuality "1"]
[WhiteTeam "Team Rated"]
[BlackTeam "Team Unrated"]
[WhiteTeamCountry "RWA"]
[BlackTeamCountry "RWA"]

1. e4 e5 2. Nf3 Nc6 3. Bc4 h6 4. d4 d6 5. dxe5 dxe5 6. Qxd8+ Kxd8 7. Bxf7 Nf6 8. Nbd2 Nb4 9. Bb3 Bc5 10. a3 Nc6 11. h3 Ke7 12. 0-0 Nh5 13. Nc4 g5 14. Ncxe5 Nxe5 15. Nxe5 Rd8 16. Nd3 Bd4 17. Re1 g4 18. hxg4 Bxg4 19. Be3 Bg7 20. f3 Be6 21. Bxe6 Kxe6 22. Nc5+ Ke7 23. c3 b6 24. Nb3 c6 25. Nd4 Rac8 26. Rad1 Kf6 27. Nf5 Rxd1 28. Rxd1 Rc7 29. g4 c5 30. gxh5 Rc6 31. Nxg7 Kxg7 32. Rd7+ Kf6 33. Rxa7 Rd6 34. Ra6 1-0